000 00896nam a22002897a 4500
003 OSt
005 20260630083202.0
008 260630b ar ||||| |||| 00| | spa d
040 _aHCSPBA
041 _aspa
100 _aCastelar, Emilio
245 _aObras escogidas de D. Emilio Castelar.
_nTomo 2.
_pDiscurso leido en la Academia Española seguido de otros varios discursos del mismo orador
260 _aMadrid.
_bAngel de San Martín.
_c[19--].
300 _a v.
505 _aIndice
505 _aDiscurso leído en la Academia Española el día 25 de abril de 1880
505 _aLucano
505 _aEl socialismo
505 _aLa idea del progreso
505 _aLa libertad y el trabajo
505 _aExposición universal de Filadelfia
650 _aHISTORIA
650 _aPOLITICA CULTURAL
651 _aESPAÑA
690 _aIDEOLOGIAS POLITICAS
942 _cLIB
999 _c65163
_d134632